| 000 | 00766nam a2200205 i 4500 | ||
|---|---|---|---|
| 001 | 38137 | ||
| 003 | ES-MaACL | ||
| 005 | 20230906155715.0 | ||
| 007 | t| | ||
| 008 | 030224s1877 sp ||||1| spa d | ||
| 100 | 1 |
_aCabello y Madurga, Pedro. _933184 |
|
| 245 | 1 | 0 |
_aDistribución de premios en el Colegio Nacional de Sordo-Mudos y ciegos _b: discurso leído el 24 de junio de 1877 / _cPedro Cabello y Marduga. |
| 260 |
_aMadrid : _bColegio Nacional de Sordo-Mudos, _c1877. |
||
| 300 |
_a15 p. ; _c25 cm. |
||
| 500 | _aTema del discurso: [Sobre la educación de los ciegos] | ||
| 650 | 4 |
_aCiegos- _xEducación. _9157271 |
|
| 710 | 2 |
_aColegio Nacional de Sordo-Mudos y de Ciegos de Madrid. _92940 |
|
| 852 |
_aES-MaACL _jT-378-F-4 |
||
| 852 |
_aES-MaACL _jT-274-F-1 |
||
| 999 |
_c38137 _d38137 |
||